Chemical metallurgy (Record no. 78179)

MARC details
000 -LEADER
fixed length control field 01114nam a2200217 a 4500
008 - FIXED-LENGTH DATA ELEMENTS--GENERAL INFORMATION
fixed length control field 120416s1993 ||||||||||||||||| || u
020 ## - INTERNATIONAL STANDARD BOOK NUMBER
International Standard Book Number 0750616466
050 ## - LIBRARY OF CONGRESS CALL NUMBER
Classification number QD 132 Moo
100 ## - MAIN ENTRY--PERSONAL NAME
Personal name Moore, John Jeremy
245 10 - TITLE STATEMENT
Title Chemical metallurgy
250 ## - EDITION STATEMENT
Edition statement 2nd ed.
260 ## - PUBLICATION, DISTRIBUTION, ETC.
Place of publication, distribution, etc. Oxford
Name of publisher, distributor, etc. Butterworth-Heinemann
Date of publication, distribution, etc. 1993
300 ## - PHYSICAL DESCRIPTION
Extent xix, 435p. : ill
350 ## -
-- 0.00
650 #0 - SUBJECT ADDED ENTRY--TOPICAL TERM
Topical term or geographic name entry element CHEMISTRY--HANDBOOKS, MANUALS, ETC
650 ## - SUBJECT ADDED ENTRY--TOPICAL TERM
Topical term or geographic name entry element METALLURGY
995 ## -
-- MAIN LIBRARY OPEN ACCESS
-- 0.00
-- 727544
-- CBU-MAIN LIBRARY (Kitwe)
-- 2
-- 21.00
-- QD 132 Moo
-- 2
-- AVAILABLE
-- 025367
-- Main Library Open Access Collection
995 ## -
-- MAIN LIBRARY OPEN ACCESS
-- 0.00
-- 727543
-- CBU-MAIN LIBRARY (Kitwe)
-- 1
-- 21.00
-- QD 132 Moo
-- 1
-- AVAILABLE
-- 025355
-- Main Library Open Access Collection
995 ## -
-- ANNEX COLLECTION (Main Library)
-- 0.00
-- 730701
-- CBU-MAIN LIBRARY (Kitwe)
-- 1
-- 0.00
-- QD 132 MOO
-- 4
-- AVAILABLE
-- Jun 19, 2006
-- 027340
-- Annex Low-Usage Collection
995 ## -
-- MAIN LIBRARY OPEN ACCESS
-- 0.00
-- 730702
-- CBU-MAIN LIBRARY (Kitwe)
-- 1
-- 0.00
-- QD 132 MOO
-- 3
-- AVAILABLE
-- Apr 25, 2006
-- 027342
-- Main Library Open Access Collection
999 ## -
-- 78179
-- 78179
Holdings
Withdrawn status Lost status Source of classification or shelving scheme Damaged status Not for loan Permanent Location Current Location Shelving location Date acquired Total Checkouts Full call number Barcode Date last seen Copy number Price effective from Koha item type
          CBU-MAIN LIBRARY, KITWE. CBU-MAIN LIBRARY, KITWE.   05/03/2023   QD 132 Moo 025367 05/03/2023 1 05/03/2023 MONOGRAPH
          CBU-MAIN LIBRARY, KITWE. CBU-MAIN LIBRARY, KITWE.   05/03/2023   QD 132 Moo 025355 05/03/2023 2 05/03/2023 MONOGRAPH
          CBU-MAIN LIBRARY, KITWE. CBU-MAIN LIBRARY, KITWE.   05/03/2023   QD 132 Moo 027340 05/03/2023 3 05/03/2023 MONOGRAPH
          CBU-MAIN LIBRARY, KITWE. CBU-MAIN LIBRARY, KITWE.   05/03/2023   QD 132 Moo 027342 05/03/2023 4 05/03/2023 MONOGRAPH